Lataa...

10 Tips for Building a Strong Relationship

Bibliografiset tiedot
Päätekijä: Preethi Sharma
Aineistotyyppi: E-kirja
Kieli:Undetermined
Julkaistu: Kottayam DC Books
Aiheet:
LEADER 00414nam a2200133Ia 4500
008 161116s9999 xx 000 0 und d
100 |a Preethi Sharma 
245 |a 10 Tips for Building a Strong Relationship 
260 |b DC Books  |a Kottayam 
650 |a Lifestyle & Home 
650 |a Parenting & Families 
942 |c EB 
999 |c 116930  |d 116930 
952 |0 0  |1 0  |4 0  |7 0  |9 113687  |a MGUL  |b MGUL  |d 2016-11-16  |l 0  |r 2016-11-16  |w 2016-11-16  |y EB